Liofilizacion (Registro nro. 31972)

Detalles MARC
000 -CABECERA
campo de control de longitud fija 00675nam a2200265 u 4500
001 - NÚMERO DE CONTROL
campo de control 28566
005 - FECHA Y HORA DE LA ÚLTIMA TRANSACCIÓN
campo de control 20260504072103.0
008 - DATOS DE LONGITUD FIJA--INFORMACIÓN GENERAL
campo de control de longitud fija 960313s1963 ||||||m| spa
035 ## - NÚMERO DE CONTROL DEL SISTEMA
Número de control de sistema 28566
040 ## - FUENTE DE LA CATALOGACIÓN
Centro/agencia transcriptor comduadb
041 ## - CÓDIGO DE LENGUA
Código de lengua del texto/banda sonora o título independiente spa
082 #4 - NÚMERO DE LA CLASIFICACIÓN DECIMAL DEWEY
Número de clasificación 578
100 10 - ENTRADA PRINCIPAL--NOMBRE DE PERSONA
Nombre de persona Restrepo Munoz, Leonel
Código de función aut
Término indicativo de función/relación Autor/a
9 (RLIN) 248136
245 10 - TÍTULO PROPIAMENTE DICHO
Título propiamente dicho Liofilizacion
250 ## - MENCIÓN DE EDICIÓN
Mención de edición 01.ED
260 ## - PUBLICACIÓN, DISTRIBUCIÓN, ETC.
Lugar de publicación, distribución, etc. Medellín :
Nombre del editor, distribuidor, etc. Ateneo,
Fecha de publicación, distribución, etc. 1963.
300 ## - DESCRIPCIÓN FÍSICA
Extensión 227 hojas
500 ## - NOTA GENERAL
Nota general U de a fac q farm.
502 ## - NOTA DE TESIS
Tipo de título Tesis (Químico/a Farmacéutico/a).
Nombre de la institución que otorga el título Universidad de Antioquia. Facultad de Ciencias Farmacéuticas y Alimentarias,
526 ## - NOTA DE INFORMACIÓN SOBRE EL PROGRAMA DE ESTUDIO
Nombre del programa Universidad de Antioquia. Facultad de Ciencias Farmacéuticas y Alimentarias. Química Farmacéutica.
650 ## - PUNTO DE ACCESO ADICIONAL DE MATERIA--TÉRMINO DE MATERIA
Término de materia o nombre geográfico como elemento de entrada Liofilización
9 (RLIN) 45549
650 ## - PUNTO DE ACCESO ADICIONAL DE MATERIA--TÉRMINO DE MATERIA
Término de materia o nombre geográfico como elemento de entrada Productos biologicos - Conservacion
9 (RLIN) 5995
700 10 - ENTRADA AGREGADA--NOMBRE PERSONAL
Nombre de persona Velez Cardenas, Juan
Código de función aut
Término indicativo de función/relación Autor/a
9 (RLIN) 473652
942 ## - ELEMENTOS DE ENTRADA AGREGADA (KOHA)
Tipo de ítem Koha Tesis
Existencias
Estado de retiro Estado de pérdida Estado dañado No para préstamo Código de colección Localización permanente Ubicación/localización actual Fecha de adquisición Fuente de adquisición Número de inventario Total de préstamos Signatura topográfica completa Código de barras Fecha visto por última vez Número de copia Precio válido a partir de Tipo de ítem Koha
        Colección de Tesis. Piso 2 Biblioteca Carlos Gaviria Díaz, Campus Medellín Biblioteca Carlos Gaviria Díaz, Campus Medellín 14/05/1998 Material adquirido por donación C47541   578.62 R436L 61000002266662 27/02/2025 1 20/04/2023 Tesis